<?xml version="1.0" encoding="UTF-8"?>
<record
    xmlns:xsi="http://www.w3.org/2001/XMLSchema-instance"
    xsi:schemaLocation="http://www.loc.gov/MARC21/slim http://www.loc.gov/standards/marcxml/schema/MARC21slim.xsd"
    xmlns="http://www.loc.gov/MARC21/slim">

  <leader>00565nam a22001457a 4500</leader>
  <controlfield tag="008">230504b        |||||||| |||| 00| 0 eng d</controlfield>
  <datafield tag="040" ind1=" " ind2=" ">
    <subfield code="a">National Science Library</subfield>
    <subfield code="c">National Science Library</subfield>
  </datafield>
  <datafield tag="080" ind1=" " ind2=" ">
    <subfield code="a">541(082.2) </subfield>
    <subfield code="b">L3.2</subfield>
  </datafield>
  <datafield tag="245" ind1=" " ind2=" ">
    <subfield code="a">Proceedings of the chemistry symposium 1972 </subfield>
    <subfield code="c">/ Aligarh Muslim University</subfield>
  </datafield>
  <datafield tag="260" ind1=" " ind2=" ">
    <subfield code="a">Aligarh: </subfield>
    <subfield code="b">Aligarh Muslim University, </subfield>
    <subfield code="c">1972</subfield>
  </datafield>
  <datafield tag="300" ind1=" " ind2=" ">
    <subfield code="a">iv, 374p.</subfield>
  </datafield>
  <datafield tag="500" ind1=" " ind2=" ">
    <subfield code="a">Vol. 2 (Physical methods in structural inorganic chemistry, actinide chemistry and solid state studies); iv, 374p.</subfield>
  </datafield>
  <datafield tag="650" ind1=" " ind2=" ">
    <subfield code="a">Science</subfield>
  </datafield>
  <datafield tag="942" ind1=" " ind2=" ">
    <subfield code="2">udc</subfield>
    <subfield code="c">PR</subfield>
  </datafield>
  <datafield tag="999" ind1=" " ind2=" ">
    <subfield code="c">26886</subfield>
    <subfield code="d">26886</subfield>
  </datafield>
  <datafield tag="952" ind1=" " ind2=" ">
    <subfield code="0">0</subfield>
    <subfield code="1">0</subfield>
    <subfield code="2">udc</subfield>
    <subfield code="4">0</subfield>
    <subfield code="6">5410822_L32</subfield>
    <subfield code="7">0</subfield>
    <subfield code="9">39548</subfield>
    <subfield code="a">NSL</subfield>
    <subfield code="b">NSL</subfield>
    <subfield code="c">GF/Rk-6/C-13/R-5</subfield>
    <subfield code="d">2004-07-31</subfield>
    <subfield code="h">Vol. 2 (Physical methods in structural inorganic chemistry, actinide chemistry and solid state studies); iv, 374p.</subfield>
    <subfield code="l">0</subfield>
    <subfield code="o">541(082.2) L3.2</subfield>
    <subfield code="p">193504</subfield>
    <subfield code="r">2023-05-04 00:00:00</subfield>
    <subfield code="w">2004-07-03</subfield>
    <subfield code="y">PR</subfield>
  </datafield>
</record>
